000 00240nam a2200097Ia 4500
001 873616
005 20250826181300.0
008 250824s9999 xx 000 0 und d
245 0 _aMOĞOL
_cAHMET HALDUN TERZİOĞLU
260 _bPANAMA YAYINLARI
999 _c873616
_d873616